Optimizing Transport Logistics Processes with Multiagent Planning and Control

Max Gath presents a multiagent system for the optimization of transport logistics in highly complex and dynamic domains. The described solution dynamically optimizes processes and provides a high flexibility, scalability, robustness, and adaptability to individual customer demands. The experimental...

Full description

Bibliographic Details
Main Author: Gath, Max (Author)
Corporate Author: SpringerLink (Online service)
Format: Electronic eBook
Language:English
Published: Wiesbaden : Springer Fachmedien Wiesbaden : Imprint: Springer Vieweg, 2016.
Series:Advanced Studies Mobile Research Center Bremen
Subjects:
Online Access:Full Text via HEAL-Link
LEADER 03140nam a22004815i 4500
001 978-3-658-14003-8
003 DE-He213
005 20160711101244.0
007 cr nn 008mamaa
008 160711s2016 gw | s |||| 0|eng d
020 |a 9783658140038  |9 978-3-658-14003-8 
024 7 |a 10.1007/978-3-658-14003-8  |2 doi 
040 |d GrThAP 
050 4 |a QA75.5-76.95 
072 7 |a UT  |2 bicssc 
072 7 |a COM069000  |2 bisacsh 
072 7 |a COM032000  |2 bisacsh 
082 0 4 |a 005.7  |2 23 
100 1 |a Gath, Max.  |e author. 
245 1 0 |a Optimizing Transport Logistics Processes with Multiagent Planning and Control  |h [electronic resource] /  |c by Max Gath. 
264 1 |a Wiesbaden :  |b Springer Fachmedien Wiesbaden :  |b Imprint: Springer Vieweg,  |c 2016. 
300 |a XXIII, 279 p. 59 illus.  |b online resource. 
336 |a text  |b txt  |2 rdacontent 
337 |a computer  |b c  |2 rdamedia 
338 |a online resource  |b cr  |2 rdacarrier 
347 |a text file  |b PDF  |2 rda 
490 1 |a Advanced Studies Mobile Research Center Bremen 
505 0 |a Dispatching Problems in Transport Logistics -- Multiagent-Based Transport Planning and Control -- Case Studies in Groupage Traffic and Courier, Express, and Parcel Services. 
520 |a Max Gath presents a multiagent system for the optimization of transport logistics in highly complex and dynamic domains. The described solution dynamically optimizes processes and provides a high flexibility, scalability, robustness, and adaptability to individual customer demands. The experimental evaluation points out the effectiveness and efficiency by using the example of commonly applied benchmarks as well as two case studies in groupage traffic and in courier, express, and parcel services with same-day deliveries. Both case studies were performed with leading transport companies in Germany. The results demonstrate that the multiagent-based solution satisfies domain-specific requirements and exploits high optimization potential in real-world processes. Contents Dispatching Problems in Transport Logistics Multiagent-Based Transport Planning and Control Case Studies in Groupage Traffic and Courier, Express, and Parcel Services Target Groups Researchers and practitioners in the fields of production and logistics as well as information and communication technology The Author Dr. Max Gath completed his doctoral degree at the Artificial Intelligence research group of TZI (Center for Communication and Information Technology), University of Bremen, Germany. 
650 0 |a Computer science. 
650 0 |a Computers. 
650 0 |a Applied mathematics. 
650 0 |a Engineering mathematics. 
650 1 4 |a Computer Science. 
650 2 4 |a Information Systems and Communication Service. 
650 2 4 |a Appl.Mathematics/Computational Methods of Engineering. 
710 2 |a SpringerLink (Online service) 
773 0 |t Springer eBooks 
776 0 8 |i Printed edition:  |z 9783658140021 
830 0 |a Advanced Studies Mobile Research Center Bremen 
856 4 0 |u http://dx.doi.org/10.1007/978-3-658-14003-8  |z Full Text via HEAL-Link 
912 |a ZDB-2-SCS 
950 |a Computer Science (Springer-11645)